000 00584nam a2200193Ia 4500
003 GCL
005 20240530101859.0
008 140319s9999 xx 000 0 ara d
040 _aGCL /
_cGCL
082 0 4 _a345.04
_bم ح
100 1 _aمعوض عبدالتواب
245 1 0 _aالحبس الاحتياطى علما وعملا /
_cمعوض عبدالتواب
260 _a[S.N] :
_bدار الفكر الجامعى ،
_c1994
300 _a494 ص
650 0 4 _aالقانون
650 0 4 _aقانون العقوبات
650 0 4 _aالحبس المؤقت
942 _2ddc
_cBK
999 _c28414
_d28414